000 00409nam a2200157Ia 4500
008 230524s9999 xx 000 0 und d
082 _a610.3214
_bDOR
100 _aW.A.Newman (Dorland)
_923708
245 0 _aDorlands Illustrated Medical Dictionary
250 _a30TH
260 _aNEW DELHI
_bElsevier
_c2000
300 _aXXIV;2189
500 _aQuantity Number: 1
650 _aBiomedical
942 _cBK
999 _c35250
_d35250